[Event "Leiden op-A 10th"]
[Site "Leiden"]
[Date "2016.07.18"]
[Round "4"]
[White "Van Calmthout, Hans"]
[Black "Weerts, Rene"]
[Result "1/2-1/2"]
[WhiteElo "1843"]
[BlackElo "1795"]
[PlyCount "126"]
[EventDate "2016.07.15"]
[EventType "swiss"]
[EventRounds "9"]
[EventCountry "NED"]
[SourceTitle "CBM 173 Extra"]
[Source "ChessBase"]
[SourceDate "2016.08.29"]
[SourceVersion "1"]
[SourceVersionDate "2016.08.29"]
[SourceQuality "1"]

1. Nf3 g6 2. d4 Bg7 3. g3 c6 4. Bg2 Nf6 5. 0-0 d5 6. c4 dxc4 7. Ne5 Be6 8. Na3 Bd5 9. Naxc4 Bxg2 10. Kxg2 Qd5+ 11. Kg1 Nbd7 12. Ne3 Qa5 13. N3c4 Qd5 14. Ne3 Qe6 15. Nf3 Ne4 16. d5 Qd6 17. dxc6 Qxc6 18. Qd5 Rc8 19. Qxc6 Rxc6 20. Rb1 e6 21. Rd1 Nec5 22. Ne1 Ra6 23. a3 Nb3 24. Nf1 0-0 25. Be3 Na5 26. f3 Nf6 27. Bd4 Nc6 28. Bc3 e5 29. e4 Re8 30. Ne3 b5 31. N1c2 Rb6 32. Nb4 Nd4 33. Kf2 Bf8 34. Bxd4 exd4 35. Rxd4 a5 36. Nbd5 Bc5 37. Nxf6+ Rxf6 38. Rd5 Bb6 39. Ke2 Rc8 40. Rbd1 b4 41. axb4 axb4 42. Rd6 Rxd6 43. Rxd6 Bc5 44. Rd2 Bf8 45. Nd5 b3 46. e5 Rc1 47. f4 Rh1 48. Kd3 Rc1 49. Nf6+ Kg7 50. Ne4 Bb4 51. Nc3 h5 52. Re2 Bxc3 53. bxc3 Kf8 54. Rb2 h4 55. Rxb3 hxg3 56. hxg3 Rg1 57. Rb4 Rxg3+ 58. Kd2 Ke7 59. Rb6 Rg4 60. Rb4 Ke6 61. Rb6+ Ke7 62. Rb4 Ke6 63. Rb6+ Ke7 1/2-1/2

[Event "Leiden LCT op-B 09th"]
[Site "Leiden"]
[Date "2015.07.20"]
[Round "4"]
[White "Bekker, Michael"]
[Black "Weerts, Rene"]
[Result "0-1"]
[WhiteElo "1910"]
[BlackElo "1720"]
[PlyCount "28"]
[EventDate "2015.07.17"]
[EventType "swiss"]
[EventRounds "9"]
[EventCountry "NED"]
[SourceTitle "EXT 2023"]
[Source "ChessBase"]
[SourceDate "2022.10.05"]
[SourceVersion "1"]
[SourceVersionDate "2022.10.05"]
[SourceQuality "1"]

1. d4 g6 2. c4 Bg7 3. Nf3 c5 4. e3 Nc6 5. Be2 cxd4 6. exd4 Qa5+ 7. Bd2 Qb6 8. Bc3 Nh6 9. d5 Bxc3+ 10. Nxc3 Ng4 11. 0-0 Nce5 12. d6 a6 13. dxe7 Qc7 14. Nd5 Nxf3+ 0-1

[Event "Leiden LCT op-B 09th"]
[Site "Leiden"]
[Date "2015.07.17"]
[Round "1"]
[White "Weerts, Rene"]
[Black "Van der Maat, Niek"]
[Result "1-0"]
[WhiteElo "1720"]
[BlackElo "1921"]
[PlyCount "57"]
[EventDate "2015.07.17"]
[EventType "swiss"]
[EventRounds "9"]
[EventCountry "NED"]
[SourceTitle "EXT 2023"]
[Source "ChessBase"]
[SourceDate "2022.10.05"]
[SourceVersion "1"]
[SourceVersionDate "2022.10.05"]
[SourceQuality "1"]

1. d4 Nf6 2. Nf3 d5 3. c3 e6 4. Bg5 Be7 5. Nbd2 b6 6. e3 0-0 7. Bd3 Bb7 8. Ne5 Nbd7 9. Qc2 h6 10. Bf4 c5 11. Qd1 cxd4 12. exd4 Nxe5 13. Bxe5 Bd6 14. f4 Bxe5 15. fxe5 Ne4 16. 0-0 a5 17. Qe2 Nxd2 18. Qxd2 Ba6 19. Rf3 Bxd3 20. Qxd3 Qd7 21. Raf1 b5 22. Qd2 b4 23. Rf6 bxc3 24. bxc3 Rab8 25. h3 Rb7 26. R1f3 Kh7 27. Rxh6+ gxh6 28. Rf6 Rh8 29. Rxh6+ 1-0

[Event "Maastricht Limburg op-C 8th"]
[Site "Maastricht"]
[Date "2014.06.09"]
[Round "6"]
[White "De Cocq, Ramin"]
[Black "Weerts, Rene"]
[Result "0-1"]
[WhiteElo "1093"]
[BlackElo "1635"]
[PlyCount "72"]
[EventDate "2014.06.06"]
[EventType "swiss"]
[EventRounds "7"]
[EventCountry "NED"]
[SourceTitle "EXT 2015"]
[Source "ChessBase"]
[SourceDate "2014.11.20"]
[SourceVersion "1"]
[SourceVersionDate "2014.11.20"]
[SourceQuality "1"]

1. d4 g6 2. c4 Bg7 3. e3 c5 4. Nf3 cxd4 5. Nxd4 Nf6 6. Nc3 d6 7. Be2 Bd7 8. Qb3 Qc7 9. a3 Nc6 10. Nf3 0-0 11. Qc2 Na5 12. b4 Nxc4 13. 0-0 Ng4 14. h3 Nh6 15. Kh2 Nf5 16. Bd3 Ncxe3 17. fxe3 Bxc3 18. Bb2 Bxb2 19. Qxb2 Nxe3 20. Rfe1 Nd5 21. Rac1 Qb8 22. Qd4 Nf6 23. Rxe7 d5+ 24. Kg1 Qd6 25. Ree1 Bxh3 26. Bf1 Bg4 27. Rc5 Bxf3 28. gxf3 Qg3+ 29. Bg2 Qxe1+ 30. Kh2 Nh5 31. Rxd5 Qg3+ 32. Kg1 Nf4 33. Qd2 Nxd5 34. Qxd5 Rfd8 35. Qb3 Rac8 36. Qb1 Rd2 0-1

[Event "Maastricht Limburg op-C 6th"]
[Site "Maastricht"]
[Date "2012.05.26"]
[Round "3"]
[White "Overtoom, Reinier"]
[Black "Weerts, Rene"]
[Result "1-0"]
[WhiteElo "1705"]
[BlackElo "1560"]
[PlyCount "65"]
[EventDate "2012.05.25"]
[EventType "swiss"]
[EventRounds "7"]
[EventCountry "NED"]
[SourceTitle "EXT 2013"]
[Source "ChessBase"]
[SourceDate "2012.11.22"]
[SourceVersion "1"]
[SourceVersionDate "2012.11.22"]
[SourceQuality "1"]

1. Nc3 g6 2. e4 Bg7 3. d4 d6 4. Be3 c6 5. a4 Nd7 6. Bc4 Ngf6 7. f3 e6 8. Bb3 0-0 9. Qd2 Ne8 10. Nge2 e5 11. 0-0-0 a6 12. h4 b5 13. h5 Nb6 14. hxg6 hxg6 15. Bh6 Nc4 16. Bxc4 bxc4 17. Bxg7 Nxg7 18. Qh6 f6 19. Qxg6 f5 20. dxe5 Qe8 21. Qxe8 Rxe8 22. exd6 Bd7 23. Nd4 fxe4 24. Nxe4 Kf7 25. Rh6 Rad8 26. Rdh1 Re5 27. Rf6+ Kg8 28. Rf4 Bf5 29. Nxc6 Ne6 30. Ne7+ Kf7 31. Rxf5+ Rxf5 32. Nxf5 Kg6 33. g4 1-0

[Event "Maastricht Limburg op-C 6th"]
[Site "Maastricht"]
[Date "2012.05.25"]
[Round "1"]
[White "Dedoncker, Pieter"]
[Black "Weerts, Rene"]
[Result "0-1"]
[WhiteElo "1106"]
[BlackElo "1560"]
[PlyCount "86"]
[EventDate "2012.05.25"]
[EventType "swiss"]
[EventRounds "7"]
[EventCountry "NED"]
[SourceTitle "EXT 2013"]
[Source "ChessBase"]
[SourceDate "2012.11.22"]
[SourceVersion "1"]
[SourceVersionDate "2012.11.22"]
[SourceQuality "1"]

1. d4 g6 2. Bf4 d6 3. Nf3 Bg7 4. e3 Nf6 5. Bd3 Nh5 6. Bg5 h6 7. Bh4 g5 8. Bg3 Nxg3 9. fxg3 Nc6 10. Nc3 Bd7 11. Qe2 Nb4 12. 0-0-0 Nxd3+ 13. Qxd3 Qc8 14. Nd2 Bf5 15. e4 Bg6 16. h3 c6 17. Qc4 b5 18. Qb4 a5 19. Qb3 a4 20. Qa3 Bxd4 21. Nf3 Bc5 22. b4 axb3 23. Qxb3 Ra3 24. Qb2 0-0 25. g4 Qa8 26. h4 b4 27. Ne2 Be3+ 28. Kb1 Bxe4 29. hxg5 b3 30. axb3 Rxb3 31. Qxb3 Rb8 32. Qxb8+ Qxb8+ 33. Ka1 Qa7+ 34. Kb1 Qb6+ 35. Ka1 Qa6+ 36. Kb1 Qxe2 37. Rhe1 Bxc2+ 38. Ka1 Qa6+ 39. Kb2 Bxd1 40. Rxd1 Qe2+ 41. Rd2 Bxd2 42. Kb3 e5 43. Kc2 Bb4+ 0-1

[Event "Delft Prinsenstad op-C"]
[Site "Delft"]
[Date "2012.04.06"]
[Round "1"]
[White "Shikman, Sasha"]
[Black "Weerts, Rene"]
[Result "0-1"]
[WhiteElo "1404"]
[BlackElo "1645"]
[PlyCount "36"]
[EventDate "2012.04.06"]
[EventType "swiss"]
[EventRounds "6"]
[EventCountry "NED"]
[SourceTitle "EXT 2013"]
[Source "ChessBase"]
[SourceDate "2012.11.22"]
[SourceVersion "1"]
[SourceVersionDate "2012.11.22"]
[SourceQuality "1"]

1. e4 g6 2. d4 Bg7 3. Be3 d6 4. Bc4 c6 5. Nc3 b5 6. Bb3 Na6 7. Qf3 e6 8. e5 d5 9. Nh3 h6 10. Nf4 Ne7 11. Nd3 Nf5 12. g3 Bd7 13. Ne2 Nxe3 14. fxe3 0-0 15. h4 c5 16. dxc5 Qc7 17. Bxd5 exd5 18. Qxd5 Bc6 0-1

[Event "Maastricht Limburg op-C 5th"]
[Site "Maastricht"]
[Date "2011.06.11"]
[Round "3"]
[White "Wagemakers, Rick"]
[Black "Weerts, Rene"]
[Result "1-0"]
[WhiteElo "1606"]
[BlackElo "1651"]
[PlyCount "71"]
[EventDate "2011.06.10"]
[EventType "swiss"]
[EventRounds "7"]
[EventCountry "NED"]
[SourceTitle "EXT 2012"]
[Source "ChessBase"]
[SourceDate "2011.11.24"]
[SourceVersion "1"]
[SourceVersionDate "2011.11.24"]
[SourceQuality "1"]

1. c4 g6 2. g3 Bg7 3. Bg2 c6 4. Nc3 Na6 5. e3 d6 6. Nge2 Bd7 7. 0-0 Qc8 8. Re1 h5 9. h4 Nh6 10. d4 Bg4 11. f3 Bh3 12. Nf4 Bxg2 13. Kxg2 Nf5 14. Nce2 e5 15. Nh3 Qe6 16. d5 Qd7 17. e4 Nd4 18. Be3 Nxf3 19. Rf1 Nd4 20. Nxd4 exd4 21. Bxd4 Bxd4 22. Qxd4 0-0-0 23. Ng5 c5 24. Qf6 Rde8 25. Qxf7 Qg4 26. Qf3 Qd7 27. Ne6 Nc7 28. Ng5 Rhf8 29. Qxf8 Rxf8 30. Rxf8+ Ne8 31. Raf1 a6 32. b3 Kb8 33. Ne6 Ka7 34. R1f7 Qc8 35. Re7 Kb6 36. Rfxe8 1-0

[Event "Maastricht Limburg op-C 5th"]
[Site "Maastricht"]
[Date "2011.06.10"]
[Round "1"]
[White "Oxener, Aldo"]
[Black "Weerts, Rene"]
[Result "1-0"]
[WhiteElo "1465"]
[BlackElo "1651"]
[PlyCount "59"]
[EventDate "2011.06.10"]
[EventType "swiss"]
[EventRounds "7"]
[EventCountry "NED"]
[SourceTitle "EXT 2012"]
[Source "ChessBase"]
[SourceDate "2011.11.24"]
[SourceVersion "1"]
[SourceVersionDate "2011.11.24"]
[SourceQuality "1"]

1. d4 g6 2. Nf3 d6 3. Bg5 h6 4. Bh4 c6 5. e3 Bg7 6. Bd3 g5 7. Bg3 Nf6 8. h3 Na6 9. c3 Nc7 10. 0-0 Bd7 11. Qc2 Qc8 12. Nbd2 b5 13. a4 a6 14. e4 Nh5 15. Bh2 Ne6 16. e5 Nhf4 17. exd6 exd6 18. Ne4 Qc7 19. Rfe1 0-0 20. Ng3 Nxd3 21. Qxd3 Nf4 22. Qc2 Qc8 23. Ne4 Bf5 24. Qd2 Bxe4 25. Rxe4 d5 26. Re7 Bf6 27. Ree1 g4 28. Qxf4 gxf3 29. Qxf6 fxg2 30. Be5 1-0

[Event "Maastricht Limburg op-C 4th"]
[Site "Maastricht"]
[Date "2010.05.23"]
[Round "4"]
[White "Dekens, Joop"]
[Black "Weerts, Rene"]
[Result "1/2-1/2"]
[WhiteElo "1601"]
[BlackElo "1672"]
[PlyCount "81"]
[EventDate "2010.05.21"]
[EventType "swiss"]
[EventRounds "7"]
[EventCountry "NED"]
[SourceTitle "EXT 2011"]
[Source "ChessBase"]
[SourceDate "2010.11.26"]
[SourceVersion "1"]
[SourceVersionDate "2010.11.26"]
[SourceQuality "1"]

1. d4 g6 2. e4 d6 3. f4 Bg7 4. Nf3 Bg4 5. Be3 c5 6. c3 Qb6 7. Qa4+ Bd7 8. Qc2 cxd4 9. Bxd4 Bxd4 10. cxd4 Nc6 11. Qc3 Rc8 12. Qd2 Nf6 13. Nc3 Nb4 14. Rc1 0-0 15. a3 Na6 16. Bd3 Bg4 17. Be2 e5 18. fxe5 dxe5 19. Nxe5 Bxe2 20. Kxe2 Rfd8 21. Nf3 Nc5 22. Rc2 Ncxe4 23. Nxe4 Nxe4 24. Qc1 Rxc2+ 25. Qxc2 Re8 26. Kd1 Nd6 27. Qc5 Qxb2 28. Re1 Ne4 29. Qc2 Nc3+ 30. Kd2 Nb1+ 31. Kd1 Nc3+ 32. Kd2 Ne4+ 33. Kd1 Qa1+ 34. Qc1 Nc3+ 35. Kd2 Qa2+ 36. Qc2 Ne4+ 37. Kd1 Qa1+ 38. Qc1 Nf2+ 39. Kd2 Qa2+ 40. Qc2 Ne4+ 41. Kd1 1/2-1/2

[Event "Maastricht Limburg op-C 4th"]
[Site "Maastricht"]
[Date "2010.05.22"]
[Round "3"]
[White "Weerts, Rene"]
[Black "Van Velthoven, Paul"]
[Result "1-0"]
[WhiteElo "1672"]
[BlackElo "1416"]
[PlyCount "37"]
[EventDate "2010.05.21"]
[EventType "swiss"]
[EventRounds "7"]
[EventCountry "NED"]
[SourceTitle "EXT 2011"]
[Source "ChessBase"]
[SourceDate "2010.11.26"]
[SourceVersion "1"]
[SourceVersionDate "2010.11.26"]
[SourceQuality "1"]

1. d4 Nf6 2. Nf3 d5 3. Bg5 e6 4. c3 Be7 5. Nbd2 Nbd7 6. e3 c5 7. Bd3 0-0 8. 0-0 b6 9. Ne5 Bb7 10. Nxd7 Qxd7 11. f4 Rae8 12. Bxf6 Bxf6 13. Rf3 Bd8 14. Bxh7+ Kxh7 15. Rh3+ Kg8 16. Qh5 f5 17. Nf3 Rf6 18. Qh8+ Kf7 19. Ne5+ 1-0